000 00458nam a22001697a 4500
003 NUST - PNEC
005 20170116180925.0
008 150905b xxu||||| |||| 00| 0 eng d
020 _a8120321928
040 _cLIBRARY
082 _a620.31 SIN
100 _97965
_aSingh, S. N.
245 _aElectric power generation, transmission and distribution
_cS.N. Singh
260 _cc.2003
650 _97968
_aElectric power distribution
_xEE
942 _2ddc
_cBK
999 _c65733
_d65733